L'Irlande de A à Z - Statistiques

Statistiques générales
  • Ce quiz a été pris 125 fois
  • Le résultat moyen est 20 sur 26
Statistiques - réponses
Lettre Indice Réponse % Correct
D Capitale de l’Irlande Dublin
100%
A Une des deux langues officielles Anglais
99%
P Saint patron de l'Irlande fêté le 17 mars Patrick
98%
K Jupe traditionnelle souvent de couleur unie, à l'inverse de l'Ecosse Kilt
97%
F "Grande", elle sévit en Irlande entre 1845 et 1852. Celle-ci a fait un million de morts Famine
95%
V Couleur que l'on doit porter lors de la Saint-Patrick Vert
95%
I Adjectif pour dire irlandais en anglais Irish
94%
O Lettre qui débutent de nombreux noms de familles en Irlande O
93%
E Nom Irlandais pour l'Irlande Eire
92%
Q Nombre d'aéroports internationaux en Irlande Quatre
92%
H Symbole national de l’Irlande et instrument traditionnel Harpe
91%
W Alcool emblématique produit en grande quantité en Irlande Whisky
91%
R Nom officiel du pays : __________ d'Irlande République
90%
C Deuxième ville d'Irlande, son nom vient du mot irlandais corcach qui signifie « marécage » Cork
88%
T Boisson très consommée en Irlande, tout comme en Grande-Bretagne Thé
81%
B Chanteur irlandais du groupe U2 Bono
78%
M L’une des quatre grandes provinces de rugby. En France, ce nom désigne un fromage Munster
73%
Z Matériau utilisé dans l’architecture traditionnelle, notamment pour les toits et pubs. Zinc
73%
X Le rugby à __ est un sport populaire qui fait partie de la culture nationale de l'Irlande XV
71%
N Le Parc de Killarney est le premier parc _______ d'Irlande, fondé en 1932 National
66%
U Nom de la province de sa voisine : l'Irlande du Nord Ulster
64%
G L'irlandais fait partie du groupe des langues ________ Gaéliques
63%
L Créature légendaire du folklore irlandais Leprechaun
58%
J Prénom du joueur de rugby Sexton, grande figure du rugby irlandais Johnny
40%
S Le nom autochtone du trèfle irlandais, symbole du pays. Shamrock
21%
Y Poète irlandais célèbre, prix Nobel de littérature. Yeats
16%
Aucun quiz correspondant
Distribution des résultats
% des personnes avec chaque résultat
Percentile par nombre de réponses
Votre historique - résultats
Vous n’avez pas pris ce quiz